Ressource Kunst : Die Elemente neu gesehen /

Gorde:
Xehetasun bibliografikoak
Egile nagusia: Jappe, Georg (ed.)
Formatua: Liburua
Hizkuntza:German
Argitaratua: Colonia, Alemania : DuMont Buchverlag, 1989, c1989
Gaiak:
Etiketak: Etiketa erantsi
Etiketarik gabe, Izan zaitez lehena erregistro honi etiketa jartzen!

MARC

LEADER 00000nam^a2200000^a^4500
001 000182783
005 20250521000000.0
009 20260310102017.57
020 |a 3-7701-2436-7 
037 |a Acervo ITESO - Biblioteca 
041 |a ALE 
082 |a 709. 04079  |b JAP 
100 |a Jappe, Georg  |e (ed.) 
245 1 0 |a Ressource Kunst :  |b Die Elemente neu gesehen /  |c Ed. de G. Jappe ; presen. de Anke Martiny. 
264 4 |a Colonia, Alemania :  |b DuMont Buchverlag,  |c 1989, c1989 
300 |a 224 p. 
336 |a texto  |b txt  |2 rdacontenido 
337 |a sin mediación  |b n  |2 rdamedio 
338 |a volumen  |b nc  |2 rdasoporte 
649 |a XX 
650 |a Instalaciones (Arte) -  |x Historia y Crítica 
650 |a Pintura -  |y Siglo XX 
650 |a Pintura -  |x Historia y Crítica 
650 |a Arte Abstracto -  |x Historia y Crítica 
650 |a Arte Espacial -  |x Historia y Crítica 
650 |a Arte -  |y Siglo XX 
650 |a Arte -  |x Historia y Crítica 
910 |a Fondo General 
920 |a Impresos - Libros 
930 |a Reserva Especial 
905 |a 103 
901 |a 0500122530  |b IT1  |c REE  |u 20250521 
902 |a https://opac.biblio.iteso.mx/vufind/Record/000182783